Les 20 plus grandes villes polonaises - Statistiques

Statistiques générales
  • Ce quiz a été pris 56 fois
  • Le résultat moyen est 9 sur 20
Statistiques - réponses
Indice Réponse % Correct
1 793 579 Varsovie
100%
779 115 Cracovie
90%
470 907 Gdańsk
90%
534 813 Poznań
72%
292 774 Katowice
68%
679 941 Łódź
66%
643 782 Wrocław
64%
339 784 Lublin
56%
401 907 Szczecin
36%
246 348 Gdynia
34%
348 190 Bydgoszcz
32%
297 554 Białystok
30%
194 852 Kielce
26%
196 208 Rzeszów
24%
201 447 Toruń
22%
220 433 Częstochowa
16%
178 603 Gliwice
10%
311 371 Radom
6%
172 360 Zabrze
6%
199 974 Sosnowiec
4%
Aucun quiz correspondant
Distribution des résultats
% des personnes avec chaque résultat
Percentile par nombre de réponses
Votre historique - résultats
Vous n’avez pas pris ce quiz